Designing with Creo Parametric 1.0

Enregistré dans:
Détails bibliographiques
Auteur principal: Rider, Michael J.
Autres auteurs: 1963- 1945-
Format: Livre
Langue:English
Publié: New York, NY McGraw-Hill 2013
Édition:1st ed.
Sujets:
Tags: Ajouter un tag
Pas de tags, Soyez le premier à ajouter un tag!
Thư viện lưu trữ: Mạng thư viện Đại học Đà Nẵng
LEADER 01312nam a2200373 4500
001 000023488
003 19940
005 20151214101238.0
008 151214s2013 engsd
020 |a 9780078021220 (pbk. : alk. paper)  |a 0078021227 (alk. paper) 
041 0 |a eng 
082 1 4 |a 620.0042028553  |b RI-M 
100 1 |a Rider, Michael J. 
245 1 0 |a Designing with Creo Parametric 1.0  |c Michael J. Rider 
250 |a 1st ed. 
260 |a New York, NY  |b McGraw-Hill  |c 2013 
300 |a xii, 529 p.  |b ill.  |c 28 cm. 
504 |a Includes bibliographical references (p. 521) and index 
650 0 |a Computer aided design 
650 0 |a Three-dimensional imaging 
653 |a Vẽ kỹ thuật 
653 |a Cơ khí 
653 |a Công nghệ 
700 1 |d 1963-  |d 1945-  |q Erminio Peter  |q Pamela A.  |t Understanding evolution 
OWN |a LSP 
AVA |a UDN50  |b LSP  |d 620.0042028553 RI-M  |e available  |t Error 5001 Not defined in file expand_doc_bib_avail.  |f 1  |g 0  |h N  |i 0  |k 1 
999 |a From the UDN01 
AVA |a UDN50  |b LSP  |d 620.0042028553 RI-M  |e available  |t Error 5001 Not defined in file expand_doc_bib_avail.  |f 1  |g 0  |h N  |i 0  |k 1 
TYP |a Monograph 
TYP |a Printed language 
980 |a Mạng thư viện Đại học Đà Nẵng